Music Quiz

Random Music Quiz

Boulevard of Broken Dreams Lyrics Quiz Stats

Quiz not verified by Sporcle

Challenge
Share
Tweet
Embed
Score 0/229 Timer 10:00
0 Plays Today
Hint Answer % Correct
walk
88%
a
88%
the
88%
the
88%
and
88%
walk
88%
walk
88%
walk
88%
walk
88%
walk
88%
a
88%
the
88%
the
88%
walk
88%
the
88%
the
88%
the
88%
and
88%
walk
88%
the
88%
and
88%
and
88%
walk
88%
walk
88%
walk
88%
walk
88%
walk
88%
a
88%
the
88%
the
88%
walk
88%
walk
88%
the
88%
the
88%
and
88%
the
88%
and
88%
walk
88%
a
88%
the
88%
the
88%
walk
88%
on
80%
on
80%
I
76%
one
76%
that
76%
I
76%
only
76%
one
76%
I
76%
I
76%
I
76%
I
76%
I
76%
only
76%
one
76%
that
76%
only
76%
I
76%
that
76%
I
76%
that
76%
of
76%
I
76%
I
76%
I
76%
I
76%
I
76%
I
76%
only
76%
one
76%
that
76%
only
76%
I
76%
that
76%
I
76%
Hint Answer % Correct
I
76%
of
76%
only
76%
one
76%
I
76%
only
76%
one
76%
that
76%
only
76%
I
76%
that
76%
I
76%
alone
72%
alone
72%
alone
72%
alone
72%
alone
72%
alone
72%
alone
72%
alone
72%
alone
72%
alone
72%
alone
72%
alone
72%
have
68%
ever
68%
know
68%
it
68%
my
68%
me
68%
my
68%
me
68%
me
68%
my
68%
my
68%
know
68%
my
68%
me
68%
my
68%
me
68%
my
68%
me
68%
my
68%
me
68%
road
64%
I'm
64%
I'm
64%
I'm
64%
street
64%
boulevard
64%
I'm
64%
where
60%
but
60%
where
60%
broken
60%
dreams
60%
where
60%
heart's
56%
that's
56%
heart's
56%
that's
56%
empty
56%
heart's
56%
thats
56%
known
52%
don't
52%
goes
52%
walks
52%
beside
52%
beating
52%
walks
52%
beside
52%
beating
52%
this
52%
walks
52%
beside
52%
beating
52%
Hint Answer % Correct
shadow's
48%
then
48%
up
48%
shadow's
48%
then
48%
shadow's
48%
then
48%
shallow
44%
there
44%
till
44%
to
44%
shallow
44%
thing
44%
there
44%
till
44%
shallow
44%
thing
44%
there
44%
till
44%
wish
40%
someone
40%
will
40%
in
40%
what's
40%
wish
40%
someone
40%
will
40%
city
40%
wish
40%
someone
40%
will
40%
out
36%
f*****
36%
everything's
36%
still
36%
out
36%
out
36%
sometimes
32%
find
32%
down
32%
line
32%
mind
32%
line
32%
check
32%
vital
32%
signs
32%
alive
32%
sometimes
32%
find
32%
sleeps
32%
sometimes
32%
find
32%
border
28%
alright
28%
divides
24%
somewhere
24%
edge
24%
read
24%
between
24%
lines
24%
walking
20%
lonley
16%
Ah-ah
16%
Ah-ah
16%
Ah-ah
16%
Ah-ah
16%
Ah-ah
16%
Ah-ah
16%
Ah-ah
16%
Ah-ah
16%
Ah-ah
16%
Ah-ah
16%
Ah-ah
16%
Ah-ah
16%
Ah-ah
16%

You're not logged in!

Compare scores with friends on all Sporcle quizzes.
Sign Up with Email
OR
Log In

You Might Also Like...

Show Comments

Extras

Top Quizzes Today


Score Distribution

Your Account Isn't Verified!

In order to create a playlist on Sporcle, you need to verify the email address you used during registration. Go to your Sporcle Settings to finish the process.